000 00393nam a2200145Ia 4500
008 210210b1974 xxu||||| |||| 00| 0 eng d
082 _a530.41 YEPP
100 _aYEPIFANOV (G).
245 _aPhysical principles of microelectronics.
260 _aMoscow
_bMir Publishers
_c1974
300 _a320
650 _aPhysical Micro Electronics
690 _aSolid State Physics
906 _aSG00409
999 _c111767
_d111767